| 000 | 02298cam a22005894a 4500 | ||
|---|---|---|---|
| 001 | muse86561 | ||
| 003 | MdBmJHUP | ||
| 005 | 20210127151723.0 | ||
| 006 | m o d | ||
| 007 | cr||||||||nn|n | ||
| 008 | 200531r20201972ncu o 00 0 eng d | ||
| 020 | _a9781469657387 | ||
| 020 | _z1469657384 | ||
| 020 | _z9781469657370 | ||
| 035 | _a(OCoLC)1157965106 | ||
| 040 |
_aMdBmJHUP _cMdBmJHUP |
||
| 041 | 0 |
_aeng _ager |
|
| 050 | 4 |
_aPT2638.N5 _bZ543 1972 |
|
| 082 | 0 | _a832/.8 | |
| 100 | 1 |
_aSchnitzler, Arthur, _d1862-1931, _eauthor. |
|
| 240 | 1 | 0 |
_aCorrespondence. _kSelections |
| 245 | 1 | 4 |
_aThe Correspondence of Arthur Schnitzler and Raoul Auernheimer with Raoul Auernheimer's Aphorisms _cedited by Donald G. Daviau and Jorun B. Johns. |
| 264 | 1 | _bProject Muse, | |
| 264 | 3 | _bProject MUSE, | |
| 300 | _a1 online resource (1 EPUB unpaged.) | ||
| 490 | 0 |
_aUNC studies in the Germanic languages and literatures ; _vnumber 73 |
|
| 500 | _aIssued as part of book collections on Project MUSE. | ||
| 504 | _aIncludes bibliographical references. | ||
| 504 | _a"Works of Raoul Auernheimer." | ||
| 504 | _a"Works by Arthur Schnitzler." | ||
| 506 | 0 |
_aOpen Access _fUnrestricted online access _2star |
|
| 588 | _aDescription based on print version record. | ||
| 600 | 1 | 1 |
_aAuernheimer, Raoul, _d1876-1948 _vCorrespondence. |
| 600 | 1 | 1 |
_aSchnitzler, Arthur, _d1862-1931 _vCorrespondence. |
| 650 | 0 | _aAphorisms and apothegms. | |
| 655 | 0 | _aElectronic books. | |
| 655 | 0 |
_aPersonal correspondence. _2lcgft |
|
| 655 | 7 |
_aElectronic books. _2local |
|
| 700 | 1 |
_aJohns, Jorun B., _eeditor. |
|
| 700 | 1 |
_aDaviau, Donald G., _eeditor. |
|
| 700 | 1 |
_aAuernheimer, Raoul, _d1876-1948, _eauthor. |
|
| 710 | 2 |
_aProject Muse, _edistributor. |
|
| 776 | 1 | 8 |
_iPrint version: _w(DLC) 73150319 _z9781469657370 _z1469657376 |
| 710 | 2 |
_aProject Muse. _edistributor |
|
| 830 | 0 |
_aUniversity of North Carolina studies in the Germanic languages and literatures ; _vno. 73. |
|
| 830 | 0 | _aBook collections on Project MUSE. | |
| 856 | 4 | 0 |
_zFull text available: _uhttps://muse.jhu.edu/book/75784/ |
| 999 |
_c26791 _d26791 |
||